La reforma del impuesto al consumo de cigarrillo y tabaco elaborado: (Registro nro. 12747)

Detalles MARC
000 -LEADER
fixed length control field 02163nam a2200277Ia 4500
003 - CONTROL NUMBER IDENTIFIER
control field OSt
005 - DATE AND TIME OF LATEST TRANSACTION
control field 20211117115425.0
008 - FIXED-LENGTH DATA ELEMENTS--GENERAL INFORMATION
fixed length control field 210310s2007 ck ad dr 000 0 spa d
020 ## - INTERNATIONAL STANDARD BOOK NUMBER
International Standard Book Number 9789584423160
040 ## - CATALOGING SOURCE
Original cataloging agency CO-JMCR
Transcribing agency CO-JMCR
041 0# - LANGUAGE CODE
Language code of text/sound track or separate title spa
082 04 - DEWEY DECIMAL CLASSIFICATION NUMBER
Classification number 679.7 /
Item number S231r
Edition number 23
100 1# - MAIN ENTRY--PERSONAL NAME
Personal name Santa María, Mauricio,
Relator term autor
9 (RLIN) 29105
245 12 - TITLE STATEMENT
Title La reforma del impuesto al consumo de cigarrillo y tabaco elaborado:
Remainder of title impacto sobre el recaudo /
Statement of responsibility, etc. Mauricio Santa María, Sandra Viviana Rozo
260 ## - PUBLICATION, DISTRIBUTION, ETC.
Place of publication, distribution, etc. Bogotá :
Name of publisher, distributor, etc. Fedesarrollo,
Date of publication, distribution, etc. 2007.
300 ## - PHYSICAL DESCRIPTION
Extent 55 páginas :
Other physical details ilustraciones y gráficas en blanco y negro ;
Dimensions 23 cm.
490 ## - SERIES STATEMENT
Series statement Cuadernos Fedesarrollo ;
Volume/sequential designation 24
504 ## - BIBLIOGRAPHY, ETC. NOTE
Bibliography, etc. note Bibliografía : páginas 51.
505 ## - FORMATTED CONTENTS NOTE
Formatted contents note Antecedentes y marco legal. -- Evolución del recaudo en efectivo. -- Valor límite.
520 0# - SUMMARY, ETC.
Summary, etc. La ley 1111 de 2006 modificó la estructura del impuesto al consumo de cigarrillos y tabaco elaborado en Colombia. En particular, la nueva ley cambió el tipo de impuesto a pagar, la base gravable y las tarifas de ese impuesto. Esta modificación generó una gran controversia en la industria, las entidades gubernamentales y otros actores del sector, debido a que algunas marcas de cigarrillos sufrieron cambios drásticos en el valor a pagar por impuestos al consumo.<br/>En este contexto, el estudio busca ofrecer evidencia que colabore a aclarar las diversas inquietudes que se han generado. El objetivo fundamental es evaluar el impacto de la reforma en dos aspectos centrales: sobre el recaudo departamental del impuesto y sobre la industria, a través de las distorsiones generadas en el mercado. Adicionalmente, el estudio busca identificar recomendaciones clave, destinadas a mejorar la estructura del impuesto actual, en el sentido de aumentar el recaudo, mejorar la eficiencia del impuesto y propender por una mayor transparencia y simplicidad en su administración
650 14 - SUBJECT ADDED ENTRY--TOPICAL TERM
Topical term or geographic name entry element Reforma de impuestos
9 (RLIN) 41554
650 24 - SUBJECT ADDED ENTRY--TOPICAL TERM
Topical term or geographic name entry element Antecedentes y marco legal
Form subdivision Reforma de impuestos
9 (RLIN) 41555
650 24 - SUBJECT ADDED ENTRY--TOPICAL TERM
Topical term or geographic name entry element Recaudo efectivo
Form subdivision Reforma de impuestos
9 (RLIN) 41556
700 1# - ADDED ENTRY--PERSONAL NAME
Personal name Rozo, Sandra Viviana
Relator term autor
9 (RLIN) 41557
942 ## - ADDED ENTRY ELEMENTS (KOHA)
Source of classification or shelving scheme Dewey Decimal Classification
Koha item type Books
Existencias
Withdrawn status Lost status Source of classification or shelving scheme Damaged status Not for loan Home library Current library Shelving location Date acquired Source of acquisition Full call number Barcode Date last seen Copy number Price effective from Koha item type Total Checkouts
    Dewey Decimal Classification     Biblioteca Pública José María del Castillo y Rada Biblioteca Pública José María del Castillo y Rada General Stacks 04/15/2018 Donación 679.7 / S231r 430003455 05/16/2024 Ej.1 03/10/2021 Books  
    Dewey Decimal Classification     Biblioteca Pública José María del Castillo y Rada Biblioteca Pública José María del Castillo y Rada General Stacks 04/15/2018 Donación 679.7 / S231r 430003457 05/16/2024 Ej.2 03/10/2021 Books